000 00931nam a2200265Ia 4500
003 OSt
005 20220923211241.0
006 a|||||r|||| 00| 0
007 ta
008 Pun
020 _a9788175992726 (pbk)
_c650
024 _a290,228
037 _b1009, 08/02/2016, H.K. Prakashan
_cTextual
040 _aARTS
_cARTS
_bPun
041 _2Pun
_aPun
082 _aX:3M24, 153Q3.1
100 _aਕਾਰਲ ਮਾਰਕਸ; ਸਹਿਰਾਈ, ਪਿਆਰਾ ਸਿੰਘ, ੳਗ.
_9160039
245 0 _aਸਰਮਾਇਆ
260 _aਦਿੱਲੀ
_b ਨਵਯੁਗ ਪਬਲੀਕੇFਨਗ਼
_c2013
300 _a835ਪੰ
_ccm.
490 _vळात . 1
650 _aਮਾਰਕਸਵਾਦੀ
942 _hX:3M24, 153Q3.1
_cTEXL
_2CC
999 _c297662
_d297662